000 00520nam a2200205Ia 4500
003 GCL
008 140319s9999 xx 000 0 eng d
040 _aGCL /
_cGCL
082 0 4 _a641.36
_bH C
100 1 _aHILL, DESMOND
245 1 0 _aCATTLE AND BUFFALO MEAT PRODUCTION IN THE TROPICS /
_cHILL, DESMOND
260 _a[S.N] :
_bELBS ،
_c1990
300 _a210 P
650 0 4 _aVETERINARY
650 0 4 _aCATTLE
650 0 4 _aTROPICS
650 0 4 _aANIMAL HUSBANDRY
650 0 4 _aMEAT PRODUCTION
942 _2ddc
_cBK
999 _c20420
_d20420